|
|
|
|
| LEADER |
01315nam a22003254a 4500 |
| 001 |
40998 |
| 003 |
BD-DhAAL |
| 008 |
230321t2004 dcu b i000 0 eng d |
| 010 |
|
|
|a 2004040701
|
| 020 |
|
|
|a 0821357077 (pbk.)
|
| 040 |
|
|
|a DLC
|c DLC
|d DLC
|d BD-DhAAL
|
| 042 |
|
|
|a pcc
|
| 043 |
|
|
|a cl-----
|
| 050 |
0 |
0 |
|a JL959.5.D42
|b L43 2004
|
| 082 |
0 |
0 |
|a 352.283
|2 22
|
| 245 |
0 |
0 |
|a Leadership and innovation in subnational government :
|b case studies from Latin America /
|c edited by Tim Campbell, Harald Fuhr.
|
| 260 |
|
|
|a Washington, DC :
|b World Bank,
|c c2004.
|
| 300 |
|
|
|a xiii, 450 pages ;
|c 24 cm.
|
| 490 |
|
|
|a WBI development studies
|
| 504 |
|
|
|a Includes bibliographical references.
|
| 541 |
|
|
|a Donated By Akbar Ali Khan
|e 40998
|
| 650 |
|
0 |
|a Decentralization in government
|z Latin America.
|9 53894
|
| 650 |
|
0 |
|a Decentralization in government
|z Latin America
|v Case studies.
|9 53895
|
| 700 |
1 |
|
|a Campbell, Tim,
|d 1943-
|9 53896
|
| 700 |
1 |
|
|a Fuhr, Harald.
|9 53897
|
| 830 |
|
|
|a WBI development studies
|9 15414
|
| 852 |
|
|
|a Ayesha Abed Library
|c Akbar Ali Khan Collection
|
| 942 |
|
|
|2 ddc
|c BK
|
| 999 |
|
|
|c 45609
|d 45609
|
| 952 |
|
|
|0 0
|1 0
|2 ddc
|4 0
|6 352_283000000000000_LEA
|7 1
|9 73436
|a BRACUL
|b BRACUL
|c AAKC
|d 2023-03-21
|e Donated By Akbar Ali Khan
|g 3723.00
|l 0
|o 352.283 LEA
|p 3010040998
|r 2023-03-21
|t 1
|w 2023-03-21
|y BK
|x USD 35.00
|